000 00264nam a2200109Ia 4500
008 200302s9999 xx 000 0 und d
100 _aLiu Hanlin
245 _aMunicipal architecture
260 _bDesign Media Publishing (UK) Ltd.,
260 _c2013
300 _a271
999 _c7310
_d7310